000 00342nam a22001577a 4500
003 SGT
020 _a978-81-265-3296-4
082 _a615.321
_bM12D
100 _aDEWIEK, PAUL M
245 _aMEDICINAL NATURAL PRODUCTS
250 _a3RD
260 _aNEW DELHI
_bWILLEY INDIA
_c2012
300 _a539
650 _aPHARMACY
942 _2ddc
_cBK
999 _c9630
_d9630